10 najdłuższych skoków narciarskich - Statystyki

Ogólne statystyki
  • Ten quiz został rozwiązany 202 razy
  • Średni wynik to 10 z 14
Statystyki odpowiedzi
Miejsce / Uwagi: Gdzie: Odległość: Kto: % Poprawnych
4. Planica, 2017 251,5 Kamil Stoch
98%
1. Vikersund, 2017 253,5 Stefan Kraft
90%
6. Planica, 2017 251,0 Stefan Kraft
90%
7. Planica, 2017 250,0 Stefan Kraft
90%
7. Vikersund, 2015 250,0 Peter Prevc
87%
podpórka Vikersund, 2016 249,0 Peter Prevc
87%
2. Vikersund, 2017 252,0 Robert Johansson
76%
7. Planica, 2017 250,0 Robert Johansson
76%
2. Planica, 2019 252,0 Ryoyu Kobayashi
74%
4. Vikersund, 2015 251,5 Anders Fannemel
53%
podpórka Planica, 2018 253,5 Gregor Schlierenzauer
52%
podpórka Vikersund, 2015 254,0 Dmitriy Vassiliev
48%
upadek Planica, 2016 252,0 Tilen Bartol
39%
10. Vikersund, 2016 249,0 Andreas Stjernen
28%
Nie znaleziono quizów pasujących do podanych kryteriów
Rozkład punktacji
Procent ludzi z każdym wynikiem
Percentyl według liczby udzielonych odpowiedzi
Twoja historia wyników
Nie rozwiązałeś tego quizu